South African Law of Evidence / (Record no. 157)

MARC details
000 -LEADER
fixed length control field 00499nam a22001697a 4500
005 - DATE AND TIME OF INPUT
control field 20240110073942.0
008 - DATA ELEMENTS--GENERAL INFORMATION
fixed length control field 231031b |||||||| |||| 00| 0 eng d
041 ## - LANGUAGE CODE
Language code of text English
082 ## - SHELF NUMBER
DDC number 347.6 HOF
100 ## - MAIN AUTHOR
Main author's name Hoffmann, LH
Language of a work English
245 ## - TITLE STATEMENT
Title South African Law of Evidence /
Statement of responsibility, etc. LH Hoffmann
250 ## - EDITION STATEMENT
Edition statement First Edition
260 ## - PUBLICATION, DISTRIBUTION, ETC.
Place of publication, distribution, etc. Durban :
Name of publisher, distributor, etc. Butterworths,
Date of publication, distribution, etc. 1963
300 ## - PHYSICAL DESCRIPTION
Other physical details lxiv, 426 pages ;
Dimensions 26 cm.
650 ## - SUBJECT`
Broad subject legal practice
Own subject terms Law
942 ## - ADDED ENTRY ELEMENTS (KOHA)
Item type Books
942 ## - ADDED ENTRY ELEMENTS (KOHA)
-- ALISON_BN_VRIES
Holdings
Source of classification or shelving scheme Not for loan Collection code Home library Current library Shelving location Date acquired Full call number Barcode Price effective from Koha item type
Dewey Decimal Classification   TEXT BOOKS LAW SOCIETY OF NAMIBIA LIBRARY - WINDHOEK LAW SOCIETY OF NAMIBIA LIBRARY - WINDHOEK Evidence law 10/31/2023 347.6 HOF LSN/1987/240 10/31/2023 Books